01677nam a2200349 a 4500001001000000003000900010005001700019007001000036008004100046020001500087040002200102082002000124111012100144245024800265246009600513260003600609300002100645650001800666651008000684651007900764651007500843651004500918700003100963700002600994710005301020910003701073942001201110945004001122952011201162956003801274999001501312000026730DO-SdBNP20180327143251.0000026730110324s1996 dr 001 0 spa d a8489401101 aBPMSUbspacBPMSU04a338.9729bS471h1 aSeminario Internacional "Hacia una Agenda Sociopolítica de la Integración en el Caribe"d(1995 :cSanto Domingo)10aHacia una agenda sociopolítica de la integración en el Caribe :bconclusiones y recomendaciones = Towards a sociopolitical agenda for caribbean integration : conclusions and recomendations /ccoordinación Alejandra Liriano, Lilian Bobea.10aTowards a sociopolitical agenda for caribbean integration :bconclusions and recomendations0 aSanto Domingo :bFLASCO,c1996. a114 p. ;c23 cm. 4aGEOPOLÍTICA 4aCARIBE (REGIÓN)xINTEGRACIÓN ECONÓMICAxCONGRESOS, CONFERENCIAS, ETC. 4aCARIBE (REGIÓN)xCONDICIONES ECONÓMICASxCONGRESOS, CONFERENCIAS, ETC. 4aCARIBE (REGIÓN)xPOLÍTICA AMBIENTALxCONGRESOS, CONFERENCIAS, ETC. 4aCARIBE (REGIÓN)xPOLÍTICA Y GOBIERNO12aLiriano, Alejandroecoord.12aBobea, Lilianecoord.2 aFacultad Latinoaméricana de Ciencias Sociales  aValidado. Control de calidad MFF 2ddccBK aRemanejado para la BNPHU, 2018 / BT 00102ddc40708CDaBPMETbBPMETd2015-02-11l0o338.9729 S471hpBPMSU15041161r2015-02-11w2015-02-11yBK aVMATEOb10c20150908lBPMSUh0069 c7372d7372